000 00781 a2200205 4500
001 29255
005 20260407155601.0
008 260407a1946 arg spa d
003 AR-UNSa-BCEJYS
040 _aAR-UNSa-BCEJYS
_bspa
_cAR-UNSa-BCEJYS
080 _a657
_xContabilidad
245 1 0 _aDocumentación mercantil
264 1 _aBuenos Aires :
_bSelección Contable
_c1946
300 _a332 p.
_c23 cm.
505 _a1. Conceptos fundamentales - 2. Formularios de contabilidad - 3. Preparación y diseño de formulas internas - 4. Control de impresos - 5. Comra, venta de mercaderias - 6. Movimiento de fondos - 7. Instrumento de crédito - 8. Contratación.
942 _cBK
590 _aniveau_biblio:m niveau_hierar:0
100 1 _aSeoane, Jorge
700 1 _aRaul, Joaquin
999 _c1816
_d1816